Java foundation classes in a nutshell: A desktop quick reference (Record no. 166831)

MARC details
000 -LEADER
fixed length control field 00396nam a2200145Ia 4500
008 - FIXED-LENGTH DATA ELEMENTS--GENERAL INFORMATION
fixed length control field 231217s9999 xx 000 0 und d
041 ## - LANGUAGE CODE
Language code of text/sound track or separate title English
082 ## - DEWEY DECIMAL CLASSIFICATION NUMBER
Classification number 001.6424JAV FLA `R'
100 ## - MAIN ENTRY--PERSONAL NAME
Personal name Flanagan, David
245 #0 - TITLE STATEMENT
Title Java foundation classes in a nutshell: A desktop quick reference
260 ## - PUBLICATION, DISTRIBUTION, ETC.
Date of publication, distribution, etc. 1999
Name of publisher, distributor, etc. Mumbai : Oreilly/Shroff,
300 ## - PHYSICAL DESCRIPTION
Extent xiii+731
650 ## - SUBJECT ADDED ENTRY--TOPICAL TERM
Topical term or geographic name entry element Java
942 ## - ADDED ENTRY ELEMENTS (KOHA)
Koha item type Books
Holdings
Date last seen Total checkouts Full call number Accession number Cost, total (INR) price Price effective from Category Lost status Damaged status Department Withdrawn status Home library Current library Entry date Vendor Cost, normal purchase price Grants Billnumber Billdate Currency symbol Conversion rate Discount Old discount
26/01/2024   001.6424JAV FLA `R' 14818 259.25 26/01/2024 Books     Central Library   Central Library Central Library 01/03/2000 VBH 305.00 CS 1094 20/08/2002 RS 1 45.75 15
26/01/2024   001.6424JAV FLA;1 'R1 16403 259.25 26/01/2024 Books     Central Library   Central Library Central Library 03/11/2000 Sai Books 305.00 MCA 1044 17/11/2003 RS 1 45.75 15
26/01/2024   001.6424JAV FLA;2 16404 259.25 26/01/2024 Books     Central Library   Central Library Central Library 03/11/2000 Sai Books 305.00 MCA 1044 17/11/2003 RS 1 45.75 15

© For any Suggestions or Query, please contact the library staff @ librarian@pes.edu or Phone: +9180 2672 1983/ 2108.